1821 1695 1051 1137 1055 1625 1511 1974 1995 1557 1797 1704 1627 1524 1942 1199 1533 1899 1437 1577 1223 1556 1618 1789 1529 1453 1743 1192 1704 1712 1090 1408 1805 1208 1344 1734 1988 1301 1820 1216 1437 1675 1826 1551 1582 1176 1172 1297 1892 1218 1290 1803 1243 1883 1194 1412 1769 1813 1953 1125 1626 1207 1886 1775 1009 1012 1946 1577 1919 1251 1559 1746 1750 1922 1922 1236 1348 1344 1948 1010 1112 1257 1837 1246 1293 1869 1161 1179 1172 1612 1148 1640 1292 1730 1103 1197 1762 1273 1288 BCNSPRNW ULIB Ver.6.0+V

เปลี่ยนเป็นภาษาไทย

Change to English
 แสดงรายละเอียดบรรณานุกรม
  กลับหน้าหลัก

Brief Record : Get Marc (ISO 2709) : E-mail record : QR code < ปิดหน้าต่าง
LEADER : 00000nam 2200000uu 4500
001    13399120581
003     ULIB
008    120927s2551||||th 000 0 tha d
020    ^a9789743452529
060 04 ^aWY100.7^bว528ข 2551
100 0  ^aวิจิตรา กุสุมภ์
245 10 ^aข้อวินิจฉัยการพยาบาลตามรูปแบบของ NANDA =^b(NANDA nursingdiagnosis) /^bวิจิตรา กุสุมภ์, อรุณี เฮงยศมาก
246 31 ^a(NANDA nursing diagnosis)
250    ^aพิมพ์ครั้งที่ 2
260    ^aกรุงเทพฯ :^bบพิธการพิมพ์,^c2551
300    ^a0122 หน้า ;^c21 ซม.
650  7 ^aการพยาบาล, การวินิจฉัย
700 0  ^aวิจิตรา กุสุมภ์
700 0  ^aอรุณี เฮงยศมาก
945    ^p100^l0^i15218
999 ^a ใช้งานได้ทุกระบบ
รายการนี้ยังไม่มีแท็ก
คุณยังไม่ได้ล็อกอิน คุณสามารถมีกิจกรรมร่วมกับเว็บไซต์ได้ แต่ต้องล็อกอินก่อน ::
  ล็อกอิน

รายการสื่อสารสนเทศ

ลำดับที่ ประเภท เลขเรียก/บาร์โค้ด สถานที่ สถานะ
1. วิทยาศาสตร์การแพทย์ และสุขภาพ
วิทยาศาสตร์การแพทย์ และสุขภาพ
WY100.7 ว528ข 2551  
  Barcode: 15218
ห้องสมุดวิทยาเขตสวรรค์ประชารักษ์
►ส่วนจัดเก็บหนังสือเก่า สปร
บนชั้น
  ขอยืม

รายการใกล้เคียง
    ผู้แต่ง [วิจิตรา กุสุมภ์]

    หัวเรื่อง [การพยาบาล, การวินิจฉัย]

BibComment


ยังไม่เคยถูกคอมเมนท์

คอมเมนท์ทรัพยากรรายการนี้
  คอมเมนท์: ข้อวินิจฉัยการพย..


 Copyright 2026. Bcnsprnw @Library